000
00368nam a2200145Ia 4500
008
231129s2008||||xx |||||||||||||| ||spa||
020
_a
978-958-44-3105-9
040
_b
spa
082
_a
Co863.6 L435d
100
_a
Leal Eutiquio
245
0
_a
Después de la noche
260
_c
2008
264
_a
Pijao Editores
942
_2
ddc
_c
BKS
999
_c
9132
_d
9132